[Event "Elit(Solna-Manhem)"]
[Site "?"]
[Date "2012.03.09"]
[Round "7"]
[White "Hultin, Johan"]
[Black "Bergstrom, Christer"]
[Result "1/2-1/2"]
[WhiteElo "2359"]
[BlackElo "2368"]
[PlyCount "120"]
[SourceDate "2012.03.12"]

1. d4 Nf6 2. c4 e6 3. Nf3 d5 4. Nc3 dxc4 5. e4 Bb4 6. Bg5 h6 7. Bxf6 Qxf6 8.
Bxc4 c5 9. O-O cxd4 10. Nb5 Qe7 11. Qxd4 O-O 12. Nxa7 Bd7 13. Nb5 Nc6 14. Qe3
Rfc8 15. Qe2 Qf6 16. Rfd1 Be8 17. e5 Qf4 18. a3 Be7 19. h3 Ra5 20. Bd3 Na7 21.
b4 Nxb5 22. g3 Nc3 23. gxf4 Nxe2+ 24. Bxe2 Ra4 25. Nd4 Rca8 26. Nc2 Rc8 27.
Rac1 Rc3 28. Rd3 Raxa3 29. Nxa3 Rxc1+ 30. Kh2 Bc6 31. Bf3 Bxb4 32. Bxc6 bxc6
33. Kg2 c5 34. Nb5 c4 35. Rd8+ Kh7 36. Rc8 Bd2 37. Kf3 c3 38. Nd4 g5 39. Rc7
Bxf4 40. Ne2 Rh1 41. Nxf4 gxf4 42. Kxf4 Rxh3 43. Rxf7+ Kg6 44. Rc7 Rh4+ 45. Kg3
Re4 46. Rxc3 Rxe5 47. Rc8 Rg5+ 48. Kf4 Rf5+ 49. Kg3 h5 50. Rg8+ Kf6 51. Rf8+
Kg6 52. Rg8+ Kf7 53. Rh8 e5 54. Rh6 Kg7 55. Re6 Rg5+ 56. Kh4 Rf5 57. Kg3 Kf7
58. Rh6 e4 59. Kg2 Rg5+ 60. Kh3 Rf5 1/2-1/2

[Event "Elit(Solna-Manhem)"]
[Site "?"]
[Date "2012.03.09"]
[Round "7"]
[White "Jonsson, Mikael"]
[Black "Olausson, Claes-Goran"]
[Result "0-1"]
[WhiteElo "2367"]
[BlackElo "2360"]
[PlyCount "66"]

1. d4 d5 2. c4 c6 3. Nf3 Nf6 4. Nc3 a6 5. e3 b5 6. b3 Bg4 7. Be2 e6 8. O-O Nbd7
9. Bb2 Bd6 10. h3 Bf5 11. Nh4 b4 12. Nxf5 exf5 13. Nb1 O-O 14. a3 a5 15. axb4
axb4 16. Nd2 Ne4 17. Qc2 Rc8 18. c5 Bb8 19. Nxe4 fxe4 20. Qd2 f5 21. Qxb4 Rf6
22. f4 exf3 23. Rxf3 Qc7 24. Qe1 Rg6 25. Rf4 Nf8 26. Bc3 Ne6 27. Ba5 Qe7 28.
Rxf5 Ng5 29. Kh1 Nxh3 30. gxh3 Qe4+ 31. Rf3 Rf8 32. Qb1 Rxf3 33. Qxe4 Rxh3# 0-1

[Event "Elit(Solna-Manhem)"]
[Site "?"]
[Date "2012.03.09"]
[Round "7"]
[White "Vas, Peter"]
[Black "Lindberg, Bengt"]
[Result "1-0"]
[WhiteElo "2420"]
[BlackElo "2460"]
[PlyCount "119"]
[SourceDate "2012.03.12"]

1. e4 c5 2. Nf3 d6 3. d4 cxd4 4. Nxd4 Nf6 5. f3 Nc6 6. c4 Nxd4 7. Qxd4 g6 8.
Nc3 Bg7 9. Be3 Be6 10. Be2 Qa5 11. Qd2 O-O 12. Rc1 Rfc8 13. b3 a6 14. Nd5 Qxd2+
15. Kxd2 Nxd5 16. exd5 Bd7 17. a4 Bb2 18. Rc2 Ba3 19. Bd4 e5 20. dxe6 fxe6 21.
Ra1 Bb4+ 22. Bc3 a5 23. Bxb4 axb4 24. Rd1 Kf8 25. Ke3 Ke7 26. Rcd2 Rc6 27. Bd3
Ra5 28. Be4 Rb6 29. g4 Be8 30. h4 h6 31. f4 Rc5 32. Rf1 Bf7 33. f5 Re5 34. Kd4
gxf5 35. gxf5 exf5 36. Rxf5 Rxf5 37. Bxf5 Rc6 38. Re2+ Kf8 39. Be4 Rc7 40. Rf2
Ke7 41. Rf5 Be8 42. Ra5 Bd7 43. Rh5 b6 44. Rxh6 Bg4 45. Rh7+ Kd8 46. Rh8+ Ke7
47. h5 Rc8 48. Rxc8 Bxc8 49. h6 Kf6 50. h7 Kg7 51. Bc2 Bb7 52. Ke3 Bc8 53. Kf4
Be6 54. Kg5 Bf7 55. h8=Q+ Kxh8 56. Kf6 Kg8 57. Ke7 d5 58. cxd5 Bxd5 59. Kd6 Bf3
60. Kc7 1-0

[Event "Elit(Solna-Manhem)"]
[Site "?"]
[Date "2012.03.09"]
[Round "7"]
[White "Landgren, Andreas"]
[Black "Welin, Mats"]
[Result "0-1"]
[WhiteElo "2250"]
[BlackElo "2353"]
[PlyCount "112"]

1. d4 Nf6 2. c4 e6 3. Nc3 Bb4 4. Qc2 O-O 5. a3 Bxc3+ 6. Qxc3 b6 7. Nf3 Bb7 8.
e3 d6 9. Be2 Nbd7 10. O-O Ne4 11. Qc2 f5 12. b4 Rf6 13. d5 c5 14. dxe6 Nf8 15.
Ne1 Rh6 16. g3 Nxe6 17. f3 Nxg3 18. hxg3 Qg5 19. Kf2 Rh2+ 20. Ng2 Rh3 21. Rg1
Qxg3+ 22. Kf1 Rh2 23. Qxf5 Ng5 24. Qf4 Qxf4 25. exf4 Nh3 26. Ra2 Re8 27. Ne3
Bxf3 28. Bxf3 Rxa2 29. Bd5+ Kh8 30. Rg3 Nxf4 31. Rf3 Nd3 32. Bc6 Rd8 33. Nf5
Ne5 34. Bg5 Rf8 35. Be7 Rf7 36. Bd5 Rxe7 37. Rg3 Re8 38. Nxd6 Rf8+ 39. Kg1 Re2
40. bxc5 bxc5 41. Nb7 Rf4 42. Nxc5 Nxc4 43. Ne6 Rh4 44. Rc3 Rg4+ 45. Kf1 Rc2
46. Rd3 Ne5 47. Re3 Nc4 48. Rd3 h5 49. Nd8 g6 50. Nc6 Nd2+ 51. Ke1 Ne4 52. Kd1
Rxc6 53. Bxc6 Nf2+ 54. Ke2 Nxd3 55. Kxd3 Rg3+ 56. Kd4 Rxa3 0-1

[Event "Elit(Solna-Manhem)"]
[Site "?"]
[Date "2012.03.09"]
[Round "7"]
[White "Moberg, Karl Johan"]
[Black "Karlsson, Tomas"]
[Result "1/2-1/2"]
[WhiteElo "2337"]
[BlackElo "2294"]
[PlyCount "80"]

1. d4 e6 2. c4 d5 3. Nf3 Nf6 4. Bg5 Be7 5. e3 h6 6. Bh4 O-O 7. Nc3 b6 8. Rc1
Bb7 9. Bxf6 Bxf6 10. cxd5 exd5 11. Bd3 c5 12. O-O Na6 13. Bb1 Re8 14. a3 g6 15.
Ba2 Nc7 16. dxc5 bxc5 17. Na4 c4 18. b3 Qe7 19. bxc4 Qxa3 20. Qb3 Qxb3 21. Bxb3
dxc4 22. Bxc4 Ne6 23. Bxe6 Rxe6 24. Nc5 Re7 25. Nxb7 Rxb7 26. Rc6 Rb6 27. Rxb6
axb6 28. Nd4 Kf8 29. Rb1 Ke7 30. Kf1 Bxd4 31. exd4 Ra6 32. Ke2 Kd6 33. Kd3 Kd5
34. Rb5+ Kc6 35. Rb2 f5 36. h4 Ra1 37. Re2 Ra3+ 38. Kc4 Ra4+ 39. Kc3 Kd6 40.
Rb2 Ra3+ 1/2-1/2

[Event "Elit(Solna-Manhem)"]
[Site "?"]
[Date "2012.03.09"]
[Round "7"]
[White "Azizi, Haroon"]
[Black "Carlhammar, Magnus"]
[Result "1-0"]
[WhiteElo "2210"]
[BlackElo "2329"]
[PlyCount "95"]

1. Nf3 d6 2. g3 e5 3. e4 Nf6 4. d3 Be7 5. Bg2 O-O 6. O-O Nc6 7. Nc3 h6 8. h3
Be6 9. d4 Nxd4 10. Nxd4 exd4 11. Qxd4 c6 12. Be3 Nd7 13. Rad1 Qa5 14. Qd2 Qc7
15. b3 f5 16. exf5 Bxf5 17. Ne2 Nc5 18. Nd4 Bd7 19. c4 a5 20. Rfe1 Rfe8 21. g4
Rad8 22. Bf4 Bf8 23. Qc2 Rxe1+ 24. Rxe1 Re8 25. Rd1 Bc8 26. Bxh6 a4 27. b4 Ne6
28. Nxe6 Bxe6 29. Be3 Qf7 30. Rc1 a3 31. Qd3 Ra8 32. f4 Qf6 33. f5 Bf7 34. g5
Qe5 35. g6 Be8 36. Bd4 Qf4 37. Rf1 Qg5 38. b5 cxb5 39. cxb5 Bd7 40. Be3 Qg3 41.
Qc4+ Kh8 42. Qe2 Kg8 43. Kh1 Be7 44. Bf2 Qg5 45. h4 Qxf5 46. Qxe7 Bxb5 47. Qxb7
Rf8 48. Bd4 1-0

[Event "Elit(Solna-Manhem)"]
[Site "?"]
[Date "2012.03.09"]
[Round "7"]
[White "Outgajjouft, Said"]
[Black "Johansson, Gunnar"]
[Result "1/2-1/2"]
[WhiteElo "2139"]
[BlackElo "2251"]
[PlyCount "93"]

1. e4 c5 2. Nc3 Nc6 3. f4 e6 4. Nf3 a6 5. a4 d5 6. d3 d4 7. Ne2 Nf6 8. Ng3 Be7
9. Be2 Bd7 10. Bd2 b5 11. O-O O-O 12. Ne5 Nxe5 13. fxe5 Ne8 14. axb5 axb5 15.
Rxa8 Qxa8 16. Nh5 f6 17. exf6 Nxf6 18. Bg5 Qd8 19. Qe1 Nxh5 20. Bxe7 Qxe7 21.
Rxf8+ Qxf8 22. Bxh5 Qf4 23. Qf2 Qc1+ 24. Qf1 Qxf1+ 25. Kxf1 e5 26. Kf2 g6 27.
Be2 Kg7 28. Kg3 h5 29. h4 Be6 30. b3 Kh6 31. Kf2 g5 32. g3 Kg6 33. Bf3 Bf7 34.
Be2 Kf6 35. Ke1 Kg6 36. Kf2 Be6 37. Bf3 gxh4 38. gxh4 Bg4 39. Kg3 Bxf3 40. Kxf3
Kf6 41. Ke2 Ke6 42. Kd2 Kd6 43. Kc1 Kc6 44. Kb2 Kb6 45. Ka2 Ka6 46. Kb2 Kb6 47.
Ka2 1/2-1/2

[Event "Elit(LASK-Eksjo)"]
[Site "?"]
[Date "2012.03.09"]
[Round "7"]
[White "Vernersson, Per"]
[Black "Tikkanen, Hans"]
[Result "0-1"]
[WhiteElo "2454"]
[BlackElo "2566"]
[PlyCount "40"]

1. d4 Nf6 2. c4 g6 3. Nc3 d5 4. Bf4 Bg7 5. e3 c5 6. dxc5 Qa5 7. Qb3 Bd7 8. Be5
dxc4 9. Qxc4 Nc6 10. Nf3 Nxe5 11. Nxe5 O-O 12. a3 Qc7 13. Nxd7 Nxd7 14. Na4
Rac8 15. Rc1 Nxc5 16. Nxc5 Bxb2 17. Rc2 Bxa3 18. Nb3 Bb4+ 19. Kd1 Rfd8+ 20. Kc1
Qb6 0-1

[Event "Elit(LASK-Eksjo)"]
[Site "?"]
[Date "2012.03.09"]
[Round "7"]
[White "Gdanski, Jacek"]
[Black "Grandelius, Nils"]
[Result "1-0"]
[WhiteElo "2591"]
[BlackElo "2602"]
[PlyCount "67"]

1. c4 e6 2. Nf3 d5 3. d4 Nf6 4. Nc3 Bb4 5. cxd5 exd5 6. Bg5 h6 7. Bxf6 Qxf6 8.
e3 O-O 9. Qb3 c5 10. dxc5 Bxc3+ 11. Qxc3 Qxc3+ 12. bxc3 Nd7 13. c4 dxc4 14.
Bxc4 Nxc5 15. Ke2 Be6 16. Rhc1 Rfc8 17. Nd4 Bxc4+ 18. Rxc4 Ne4 19. Rac1 Nd6 20.
Rc7 Kf8 21. Kd3 Rxc7 22. Rxc7 Ke8 23. e4 Kd8 24. Rc5 Rc8 25. Rxc8+ Kxc8 26. e5
Ne8 27. g4 Kd7 28. f4 g6 29. Ke4 Nc7 30. f5 Ke7 31. h4 Ne8 32. f6+ Kd7 33. h5
Nc7 34. g5 1-0

[Event "Elit(LASK-Eksjo)"]
[Site "?"]
[Date "2012.03.09"]
[Round "7"]
[White "Nilsson, Sebastian"]
[Black "Ornstein, Axel"]
[Result "0-1"]
[WhiteElo "2417"]
[BlackElo "2444"]
[PlyCount "104"]

1. e4 e5 2. Nf3 Nc6 3. Bc4 Bc5 4. c3 Nf6 5. d4 exd4 6. e5 d5 7. Bb5 Ne4 8. cxd4
Bb4+ 9. Bd2 Nxd2 10. Nbxd2 Bd7 11. O-O O-O 12. Be2 f6 13. a3 Ba5 14. Nb3 Bb6
15. exf6 Qxf6 16. Rc1 Rae8 17. Nc5 Bg4 18. h3 Bxf3 19. Bxf3 Nxd4 20. Bxd5+ Kh8
21. Nd7 Qd8 22. Nxb6 Ne2+ 23. Kh1 Nxc1 24. Qxc1 cxb6 25. Bxb7 Qd4 26. Bf3 Rc8
27. Qb1 Qd2 28. b3 Rc2 29. Qd1 Rd8 30. Qxd2 Rcxd2 31. Rc1 R2d3 32. Rb1 Rc3 33.
Bg4 g6 34. Be6 Rd2 35. Kg1 Rdc2 36. a4 Kg7 37. Bc4 Kf6 38. Re1 Rc1 39. Rxc1
Rxc1+ 40. Kh2 Rc3 41. f3 g5 42. Kg3 Rc2 43. Bd3 Rb2 44. Bc4 h5 45. h4 gxh4+ 46.
Kh3 Kg5 47. Bf7 Rb1 48. Kh2 Kf4 49. Bc4 h3 50. Bd5 hxg2 51. Kxg2 Rb2+ 52. Kh3
Rf2 0-1

[Event "Elit(LASK-Eksjo)"]
[Site "?"]
[Date "2012.03.09"]
[Round "7"]
[White "Malesevic, Nedeljko"]
[Black "Olsson, Linus"]
[Result "1/2-1/2"]
[WhiteElo "2362"]
[BlackElo "2318"]
[PlyCount "102"]

1. d4 Nf6 2. c4 e6 3. Nf3 c5 4. d5 d6 5. Nc3 exd5 6. cxd5 g6 7. Bf4 Bg7 8. Qa4+
Bd7 9. Qb3 Qc7 10. e3 O-O 11. Be2 Na6 12. Nd2 Rfb8 13. a4 Nb4 14. Nc4 Ne8 15.
h4 h6 16. O-O b6 17. Nb5 Bxb5 18. axb5 Qe7 19. Bg3 Rd8 20. Rad1 Nc7 21. Na3 h5
22. Rd2 Bf6 23. Qc4 Ne8 24. Nc2 Nxc2 25. Rxc2 Be5 26. Bxe5 dxe5 27. g3 Nd6 28.
Qa4 Rac8 29. Ra1 Rd7 30. Ra3 e4 31. Rd2 f5 32. Qd1 Qf6 33. Bf1 Rcc7 34. f4 exf3
35. Qxf3 Re7 36. Rg2 Re5 37. g4 hxg4 38. Rxg4 Ne4 39. Rg2 Kf7 40. d6 Nxd6 41.
h5 g5 42. Qa8 Re8 43. Qd5+ Kg7 44. h6+ Kh8 45. Bc4 Nxc4 46. Qxc4 Rd7 47. Rd3
Red8 48. Rgd2 Rxd3 49. Rxd3 Rxd3 50. Qxd3 Qxh6 51. Qxf5 Qg7 1/2-1/2

[Event "Elit(LASK-Eksjo)"]
[Site "?"]
[Date "2012.03.09"]
[Round "7"]
[White "Al-Saadi, Ali Ghazi"]
[Black "Hansson, Fredrik"]
[Result "0-1"]
[WhiteElo "2157"]
[BlackElo "2140"]
[PlyCount "63"]

1. e4 e5 2. Nf3 Nc6 3. Bb5 a6 4. Bxc6 dxc6 5. Nc3 Qf6 6. d4 exd4 7. Qxd4 Qxd4
8. Nxd4 Bd7 9. Be3 O-O-O 10. O-O-O Bd6 11. h3 Ne7 12. Nb3 Kb8 13. Bc5 Bc8 14.
Rd3 b6 15. Bxd6 cxd6 16. Rhd1 Kc7 17. Rg3 g6 18. Rf3 f5 19. exf5 Nxf5 20. g4
Nh4 21. Rf6 Rhe8 22. Nd4 Rf8 23. Ne4 Ng2 24. Ne6+ Bxe6 25. Rxe6 d5 26. Ng5 h6
27. Re7+ Kd6 28. Re6+ Kc5 29. Nh7 Rf7 30. Re3 d4 31. b4+ Kd5 32. Re4 0-1

[Event "Elit(LASK-Eksjo)"]
[Site "?"]
[Date "2012.03.09"]
[Round "7"]
[White "Gajic, Mladen"]
[Black "Karlsson, Roger"]
[Result "1-0"]
[WhiteElo "2315"]
[BlackElo "1917"]
[PlyCount "99"]

1. e4 c6 2. Nf3 d5 3. exd5 cxd5 4. Ne5 Nc6 5. d4 a6 6. c3 Nf6 7. Bd3 e6 8. f4
Be7 9. O-O O-O 10. Nd2 Bd7 11. Qe2 b5 12. Ndf3 b4 13. Nxd7 Qxd7 14. Bxa6 bxc3
15. bxc3 Ne4 16. Bd2 Qa7 17. Bd3 f5 18. a4 Na5 19. Rfb1 Rfc8 20. Bxe4 fxe4 21.
Ne5 Nc4 22. Qg4 Qa6 23. Nxc4 Rxc4 24. Rb2 Qc8 25. Rb6 Rc6 26. Rab1 Rxb6 27.
Rxb6 Rxa4 28. Rxe6 Ra1+ 29. Kf2 Ra2 30. Ke3 Qc4 31. Qe2 Qc7 32. Qb5 Qd8 33. Rb6
Ra8 34. Rb7 Ra5 35. Qc6 Kf8 36. Rd7 Qe8 37. Qe6 Qf7 38. Qe5 Ke8 39. Qc7 Ra8 40.
Rxe7+ Qxe7 41. Qc6+ Qd7 42. Qxa8+ Kf7 43. h3 Qb5 44. Kf2 Kg6 45. Qc8 h5 46.
Qe6+ Kh7 47. Qf5+ g6 48. Qf7+ Kh8 49. Qxg6 Qd3 50. Qxh5+ 1-0

[Event "Elit(Limhamn-Vasteras)"]
[Site "?"]
[Date "2012.03.09"]
[Round "7"]
[White "Sjodahl, Pontus"]
[Black "Ahlander, Bjorn"]
[Result "1-0"]
[WhiteElo "2485"]
[BlackElo "2490"]
[PlyCount "105"]
[SourceDate "2012.03.12"]

1. d4 Nf6 2. c4 e6 3. Nf3 d5 4. g3 dxc4 5. Qa4+ Nbd7 6. Qxc4 a6 7. Bg2 b5 8.
Qc6 Rb8 9. Bf4 Nd5 10. Bg5 Be7 11. Qc1 O-O 12. O-O Bb7 13. Nc3 Nxc3 14. bxc3
Bxg5 15. Qxg5 c5 16. Rfc1 Qxg5 17. Nxg5 Rfc8 18. Ne4 Bxe4 19. Bxe4 Nb6 20. Rcb1
Na4 21. Rc1 Rc7 22. e3 Rbc8 23. d5 exd5 24. Bxd5 c4 25. Rc2 Rd8 26. Rd1 Rcd7
27. e4 Kf8 28. Rd4 f5 29. f3 fxe4 30. fxe4 Ke7 31. Kf2 Nb6 32. Re2 Na4 33. Rc2
Kf6 34. Ke3 g6 35. Kf4 Nc5 36. e5+ Ke7 37. Rcd2 Nd3+ 38. Ke4 Nc5+ 39. Ke3 Rf8
40. Bg2 Rc7 41. Bh3 Re8 42. Rd6 Kf7 43. R2d5 Nd3 44. Kd4 Nc1 45. Bg4 Ra8 46.
Rd7+ Rxd7 47. Rxd7+ Kf8 48. e6 h5 49. Bf3 Re8 50. Ke5 b4 51. Kf6 bxc3 52. e7+
Kg8 53. Rd8 1-0

[Event "Elit(Limhamn-Vasteras)"]
[Site "?"]
[Date "2012.03.09"]
[Round "7"]
[White "Brynell, Stellan"]
[Black "Akesson, Ralf"]
[Result "1/2-1/2"]
[WhiteElo "2547"]
[BlackElo "2442"]
[PlyCount "49"]

1. d4 Nf6 2. c4 e6 3. Nf3 d5 4. Nc3 Be7 5. Bg5 O-O 6. Qc2 Nbd7 7. e3 c5 8. Rd1
cxd4 9. Nxd4 dxc4 10. Bxc4 Qa5 11. Bh4 Nb6 12. Be2 Nbd5 13. Nb3 Qc7 14. O-O
Nxc3 15. Qxc3 Qxc3 16. bxc3 b6 17. Bf3 Ba6 18. Bxa8 Bxf1 19. Kxf1 Rxa8 20. Ke2
Kf8 21. Rd4 Rc8 22. Kd3 Nd5 23. Bxe7+ Kxe7 24. Rc4 Rxc4 25. Kxc4 1/2-1/2

[Event "Elit(Limhamn-Vasteras)"]
[Site "?"]
[Date "2012.03.09"]
[Round "7"]
[White "Nilsson, Andre"]
[Black "Johansson, Linus"]
[Result "0-1"]
[WhiteElo "2325"]
[BlackElo "2331"]
[PlyCount "62"]

1. g3 Nf6 2. Bg2 e6 3. Nf3 b6 4. O-O Bb7 5. d3 c5 6. e4 d6 7. b3 Nbd7 8. a4 Be7
9. Nc3 a6 10. Nd2 Qc7 11. h3 g5 12. Nc4 Rg8 13. Re1 O-O-O 14. Ne3 h5 15. Bd2 g4
16. h4 Ne5 17. Nc4 Nfd7 18. Nxe5 Nxe5 19. Rb1 Rdf8 20. Bf4 Bf6 21. Qd2 Nf3+ 22.
Bxf3 gxf3 23. b4 cxb4 24. Na2 a5 25. c3 b3 26. Rxb3 Bxh4 27. Kh2 Bd8 28. e5 h4
29. Qe3 hxg3+ 30. Bxg3 f6 31. Qd4 Rh8+ 0-1

[Event "Elit(Limhamn-Vasteras)"]
[Site "?"]
[Date "2012.03.09"]
[Round "7"]
[White "Jepson, Christian"]
[Black "Norberg, Johan"]
[Result "0-1"]
[WhiteElo "2467"]
[BlackElo "2349"]
[PlyCount "68"]

1. d4 g6 2. e4 Bg7 3. c4 d6 4. Nc3 Nf6 5. f4 O-O 6. Nf3 c5 7. d5 e6 8. Be2 exd5
9. cxd5 Re8 10. e5 Nfd7 11. O-O dxe5 12. d6 Nc6 13. Ng5 exf4 14. Bxf4 Bd4+ 15.
Kh1 Nde5 16. Nb5 Rb8 17. Rc1 Bf5 18. b4 b6 19. Qd2 Qd7 20. Nf3 Rbd8 21. Nbxd4
cxd4 22. b5 Nxf3 23. Bxf3 Ne5 24. Bc6 Qxd6 25. Bxe8 Rxe8 26. Rfe1 f6 27. Bxe5
fxe5 28. Rc6 Qd5 29. Rc7 e4 30. Qh6 Bd7 31. Rf1 e3 32. Re1 d3 33. Rxe3 Rxe3 34.
Qxe3 d2 0-1

[Event "Elit(Limhamn-Vasteras)"]
[Site "?"]
[Date "2012.03.09"]
[Round "7"]
[White "Penalver, Osmani"]
[Black "Brustkern, Jurgen"]
[Result "1/2-1/2"]
[WhiteElo "2307"]
[BlackElo "2281"]
[PlyCount "142"]

1. d4 Nf6 2. c4 c5 3. Nf3 cxd4 4. Nxd4 b6 5. Nc3 Bb7 6. f3 d6 7. e4 e6 8. Be2
Be7 9. Be3 O-O 10. O-O a6 11. Qd2 Qc7 12. Rac1 Nbd7 13. g4 h6 14. Rf2 Nh7 15.
f4 Rac8 16. b3 Rfe8 17. Bf3 Qb8 18. f5 Ne5 19. Rcf1 Ng5 20. Rg2 Bf6 21. Bxg5
Bxg5 22. Qe1 Qc7 23. Kh1 Qd8 24. Be2 Bf6 25. Nf3 b5 26. fxe6 fxe6 27. Nxe5 Bxe5
28. g5 hxg5 29. Bh5 Rf8 30. Rxf8+ Qxf8 31. Rf2 Bf4 32. cxb5 axb5 33. Nd1 Qf5
34. Bf3 Qe5 35. Qe2 Rc1 36. Rf1 Qc5 37. Bg2 b4 38. Qh5 Bc6 39. Qg4 Qe5 40. Qh5
Rc2 41. Ne3 Rxa2 42. Ng4 Qb2 43. Bf3 Ra1 44. Rxa1 Qxa1+ 45. Kg2 Qb2+ 46. Kg1
Qb1+ 47. Kf2 Qa2+ 48. Kg1 Qa7+ 49. Kg2 Qf7 50. Qh3 d5 51. exd5 exd5 52. Nf2 Bd7
53. Bg4 Bxg4 54. Qxg4 g6 55. Qc8+ Kg7 56. Qc5 Qf5 57. Qe7+ Kg8 58. h3 Qf7 59.
Qxb4 Qe6 60. Qd4 Be3 61. Qg4 Qc6 62. Qf3 Bxf2 63. Kxf2 Qc2+ 64. Kg3 Qd2 65. Kg4
Kg7 66. Kg3 d4 67. Qb7+ Kh6 68. Qb8 Qe3+ 69. Kg2 Qe4+ 70. Kg3 Qe3+ 71. Kg2 Qd2+
1/2-1/2

[Event "Elit(Limhamn-Vasteras)"]
[Site "?"]
[Date "2012.03.09"]
[Round "7"]
[White "Tadjerbashi, Amir"]
[Black "Janse, Rasmus"]
[Result "0-1"]
[WhiteElo "2240"]
[BlackElo "2253"]
[PlyCount "112"]

1. e4 e6 2. d4 d5 3. Nc3 Bb4 4. Nge2 dxe4 5. g4 e5 6. Rg1 Nc6 7. Be3 Nf6 8. g5
Ng4 9. Qd2 Nxh2 10. Bg2 Nf3+ 11. Bxf3 exf3 12. d5 Ne7 13. a3 Qxd5 14. axb4
Qxd2+ 15. Bxd2 fxe2 16. Nb5 Nd5 17. c4 Bd7 18. Ra5 O-O 19. cxd5 b6 20. Nxc7
bxa5 21. Nxa8 Rxa8 22. Kxe2 Rd8 23. Rc1 f5 24. gxf6 gxf6 25. Ke3 h5 26. bxa5 h4
27. Bb4 Bf5 28. d6 Rb8 29. Bc3 Kf7 30. f4 Ke6 31. fxe5 fxe5 32. Rd1 h3 33. Kf3
Rg8 34. Rd2 e4+ 35. Ke3 Rg3+ 36. Kf4 Rg4+ 37. Ke3 Rg3+ 38. Kf4 Rf3+ 39. Kg5 Rd3
40. Rf2 Rxd6 41. Bd2 Rd8 42. Kf4 Rg8 43. Re2 Rg4+ 44. Ke3 Rg3+ 45. Kd4 Rd3+ 46.
Kc4 Ke5 47. b4 Be6+ 48. Kc5 Bg4 49. Rh2 Bf3 50. Be1 Bg2 51. b5 Rd5+ 52. Kb4 e3
53. b6 axb6 54. axb6 Rd1 55. Bg3+ Kf5 56. Kc4 Kg4 0-1

[Event "Elit(Kamraterna-Solna)"]
[Site "?"]
[Date "2012.03.10"]
[Round "8"]
[White "Lindberg, Bengt"]
[Black "Svensson, Bengt"]
[Result "1/2-1/2"]
[WhiteElo "2460"]
[BlackElo "2457"]
[PlyCount "123"]

1. e4 c5 2. Nf3 e6 3. d4 cxd4 4. Nxd4 a6 5. Nc3 d6 6. Bd3 Nf6 7. O-O Nbd7 8. f4
b5 9. a3 Bb7 10. Kh1 g6 11. Qe2 e5 12. Nb3 Bg7 13. fxe5 dxe5 14. Bg5 O-O 15. a4
b4 16. Nd5 Bxd5 17. exd5 Qc7 18. Bxa6 Nxd5 19. Bb5 h6 20. Bh4 N7f6 21. Rae1
Rac8 22. Rc1 Nf4 23. Qf3 g5 24. Bg3 N6d5 25. Bxf4 Nxf4 26. g3 e4 27. Qxe4 f5
28. Qf3 Ng6 29. Nd4 Ne5 30. Qd5+ Kh8 31. Nxf5 Ng4 32. Qe4 Bxb2 33. Qxg4 Qb7+
34. Kg1 Qb6+ 35. Kg2 Bxc1 36. Rxc1 b3 37. c4 Qf6 38. Rf1 b2 39. Qe4 Qc3 40. Qe6
Qf6 41. Qxf6+ Rxf6 42. Rb1 Rd8 43. Rxb2 Rxf5 44. a5 Kg7 45. a6 Kf6 46. Bc6 Ra5
47. Bb7 Ke7 48. Kf3 Rd4 49. c5 Ra3+ 50. Ke2 Rc4 51. c6 Kd6 52. Rd2+ Kc7 53. Kf2
h5 54. Rd7+ Kb6 55. Rd2 h4 56. Rb2+ Kc7 57. gxh4 Rxh4 58. Kg2 Rg4+ 59. Kf2 Rh4
60. Kg2 Rg4+ 61. Kf2 Rf4+ 62. Kg2 1/2-1/2

[Event "Elit(Kamraterna-Solna)"]
[Site "?"]
[Date "2012.03.10"]
[Round "8"]
[White "Aberg, Anton"]
[Black "Bergstrom, Christer"]
[Result "1/2-1/2"]
[WhiteElo "2403"]
[BlackElo "2368"]
[PlyCount "124"]

1. c4 e5 2. Nc3 Nf6 3. Nf3 Nc6 4. g3 Bb4 5. Nd5 Bc5 6. Bg2 O-O 7. O-O d6 8. d3
h6 9. a3 a5 10. b3 Bg4 11. Bb2 Nxd5 12. cxd5 Nd4 13. Nxd4 exd4 14. h3 Bh5 15.
Rc1 f5 16. Rc4 Qe7 17. Re1 Rae8 18. Kf1 f4 19. g4 Bf7 20. Qc1 c6 21. dxc6 Bxc4
22. Qxc4+ Kh8 23. Bf3 bxc6 24. Rc1 Rc8 25. b4 axb4 26. axb4 Bb6 27. Bxd4 d5 28.
Qc3 Rb8 29. Bxb6 Rxb6 30. Rc2 Qd6 31. Kg2 Rf6 32. Rb2 Rf8 33. Rc2 Rfb8 34. Rc1
Ra8 35. Qd4 Rb5 36. Rc4 Rf8 37. Rc2 Rfb8 38. Rc4 Qe6 39. Rc2 Rxb4 40. Qc5 R4b6
41. Rc1 Qf6 42. Rc3 Qf8 43. Qxf8+ Rxf8 44. Ra3 Kg8 45. h4 Rfb8 46. g5 hxg5 47.
hxg5 Kf7 48. Kh3 Ke6 49. Kg4 Ke5 50. Ra7 R6b7 51. Ra6 c5 52. Rc6 Rb5 53. Rc7
R8b7 54. Rc8 Rf7 55. Re8+ Kd4 56. Rd8 c4 57. dxc4 Kxc4 58. Rc8+ Kd4 59. Rd8 Ke5
60. Re8+ Kd6 61. Rd8+ Ke5 62. Re8+ Kd4 1/2-1/2

[Event "Elit(Kamraterna-Solna)"]
[Site "?"]
[Date "2012.03.10"]
[Round "8"]
[White "Karlsson, Tomas"]
[Black "Madebrink, Lars"]
[Result "1-0"]
[WhiteElo "2294"]
[BlackElo "2276"]
[PlyCount "77"]

1. e4 e6 2. d4 d5 3. Nc3 Nf6 4. Bg5 dxe4 5. Nxe4 Nbd7 6. Nf3 Be7 7. Nxf6+ Nxf6
8. Be2 O-O 9. O-O Nd5 10. Bxe7 Qxe7 11. Ne5 Rd8 12. c3 c5 13. Bf3 cxd4 14. Qxd4
f6 15. Nd3 b6 16. Rfe1 Nc7 17. Qb4 Qxb4 18. Nxb4 Nd5 19. c4 Nxb4 20. Bxa8 Ba6
21. Be4 Bxc4 22. a3 Nd5 23. Rad1 Kf7 24. Rd4 b5 25. Bc2 Ba2 26. Ra1 Rc8 27. Rd2
b4 28. Rxa2 Rxc2 29. Rxc2 b3 30. Rc1 bxa2 31. Ra1 Ke7 32. Rxa2 Kd6 33. b3 Kc5
34. Rc2+ Kd4 35. Rc6 e5 36. Ra6 Kc3 37. Rxa7 Kxb3 38. Rxg7 Kxa3 39. Rd7 1-0

[Event "Elit(Kamraterna-Solna)"]
[Site "?"]
[Date "2012.03.10"]
[Round "8"]
[White "Andreasson, Ingvar"]
[Black "Jonsson, Mikael"]
[Result "1/2-1/2"]
[WhiteElo "2414"]
[BlackElo "2367"]
[PlyCount "101"]

1. e4 e5 2. Nf3 Nc6 3. Bb5 a6 4. Ba4 Nf6 5. Qe2 Be7 6. O-O b5 7. Bb3 O-O 8. c3
d5 9. d3 dxe4 10. dxe4 Bd6 11. Rd1 Qe8 12. Nbd2 Nh5 13. g3 Bg4 14. h3 Be6 15.
Ng5 Bxb3 16. Qxh5 h6 17. axb3 hxg5 18. Qxg5 Bc5 19. b4 Bb6 20. Nf1 Qe6 21. Be3
f5 22. Bxb6 cxb6 23. exf5 Rxf5 24. Rd6 Qxd6 25. Qxf5 a5 26. Qe4 Rf8 27. bxa5
bxa5 28. Ne3 Qd2 29. Rf1 Rf6 30. Ng4 Rd6 31. Nxe5 Re6 32. Nf3 Qxf2+ 33. Kxf2
Rxe4 34. Rd1 b4 35. cxb4 Rxb4 36. Rd2 Rb3 37. Ng5 Kf8 38. Ne6+ Kf7 39. Nc5 Rb5
40. Ne4 Rb4 41. Ng5+ Ke7 42. Nf3 Rb3 43. g4 a4 44. h4 g6 45. h5 gxh5 46. gxh5
a3 47. bxa3 Rxa3 48. h6 Ra8 49. Rc2 Nd8 50. Ne5 Kf6 51. Ng4+ 1/2-1/2

[Event "Elit(Kamraterna-Solna)"]
[Site "?"]
[Date "2012.03.10"]
[Round "8"]
[White "Johansson, Gunnar"]
[Black "Andersson, Michael"]
[Result "1/2-1/2"]
[WhiteElo "2251"]
[BlackElo "2219"]
[PlyCount "158"]

1. d4 d6 2. e4 Nf6 3. Nc3 c6 4. f4 Qa5 5. e5 Ne4 6. Bd2 Nxd2 7. Qxd2 Bf5 8. Nf3
e6 9. Be2 d5 10. Nh4 Be7 11. Nxf5 exf5 12. O-O Nd7 13. Qd3 g6 14. Nd1 Nf8 15.
c3 h5 16. Ne3 Ne6 17. b4 Qd8 18. Kh1 Nc7 19. a4 a6 20. Qc2 Qd7 21. Bd3 h4 22.
Rab1 Kf8 23. Rg1 Rh5 24. Rgf1 Rh8 25. Kg1 Rh5 26. Rf3 Kg7 27. Rf2 Kf8 28. Qd1
Kg7 29. Qf3 Rhh8 30. Rfb2 b6 31. Ra1 Kf8 32. Raa2 Kg7 33. Rd2 Kf8 34. g4 hxg3
35. hxg3 c5 36. bxc5 bxc5 37. g4 cxd4 38. cxd4 fxg4 39. Nxg4 Ne6 40. Bf1 Nxd4
41. Rxd4 Bc5 42. Rad2 Rd8 43. Kg2 Bxd4 44. Rxd4 a5 45. Ne3 Qa7 46. Rxd5 Rxd5
47. Nxd5 Qd4 48. Nc3 Kg7 49. Bb5 Qd2+ 50. Ne2 Qd1 51. Ng1 Qd2+ 52. Ne2 Qd1 53.
Ng1 Qd2+ 54. Be2 Qd4 55. Nh3 Qxa4 56. f5 gxf5 57. Qxf5 Qc6+ 58. Kf2 Qg6 59. Qf3
Rh4 60. Nf4 Qg5 61. Nh5+ Kg6 62. Qc6+ Kh7 63. Qc2+ Kh6 64. Qc6+ Kh7 65. Bd3+
Kh8 66. Qc8+ Qg8 67. Qxg8+ Kxg8 68. Nf6+ Kf8 69. Ke3 Ke7 70. Ne4 Ke6 71. Kd4 a4
72. Bc4+ Kf5 73. Kd5 a3 74. Nc3 Rh3 75. Kd4 Rh4+ 76. Kc5 Kxe5 77. Bxf7 Rh7 78.
Bc4 Rc7+ 79. Kb4 Rxc4+ 1/2-1/2

[Event "Elit(Kamraterna-Solna)"]
[Site "?"]
[Date "2012.03.10"]
[Round "8"]
[White "Hamark, Jesper"]
[Black "Azizi, Haroon"]
[Result "1-0"]
[WhiteElo "2395"]
[BlackElo "2210"]
[PlyCount "129"]

1. d4 d5 2. c4 Nc6 3. Nc3 dxc4 4. Nf3 Nf6 5. Bg5 h6 6. Bh4 a6 7. e4 Bg4 8. d5
Ne5 9. Bg3 Nfd7 10. Be2 Nd3+ 11. Bxd3 cxd3 12. Qxd3 Rc8 13. Ne5 Nxe5 14. Bxe5
Bd7 15. O-O f6 16. Qg3 g5 17. Bd4 Bg7 18. f4 c5 19. Be3 Qc7 20. Rad1 Qb8 21.
Qf2 b6 22. Qe2 O-O 23. Qxa6 b5 24. d6 e6 25. f5 exf5 26. exf5 Kh7 27. Nd5 Rc6
28. Qa3 b4 29. Qb3 Qb5 30. Nc7 c4 31. Qc2 Qe5 32. Bd4 Qxd6 33. Ne6 Qe7 34.
Nxf8+ Bxf8 35. Rfe1 Qf7 36. h3 b3 37. axb3 cxb3 38. Qf2 Rc2 39. Rd2 Bb4 40. Bc3
Rxc3 41. bxc3 Bxc3 42. Qc5 Be5 43. Rxe5 fxe5 44. Qc7 Be6 45. Qxf7+ Bxf7 46. Re2
Bd5 47. Kf2 Kg7 48. Ke3 h5 49. g4 hxg4 50. hxg4 Bc6 51. Rb2 Bd5 52. Rd2 Bc6 53.
Rd6 Bg2 54. Rb6 e4 55. Rxb3 Bf3 56. Rb6 Kf7 57. Rg6 Bxg4 58. Kxe4 Bd1 59. Rxg5
Kf6 60. Rg6+ Kf7 61. Rb6 Ke7 62. Ke5 Bf3 63. Ra6 Bh5 64. Ra7+ Ke8 65. Kf6 1-0